000 00427nam a22001697a 4500
003 BD-ChCU
005 20260128094602.0
008 260128b bg ||||| |||| 00| 0 ben d
040 _cBD-ChCU
082 _a551.6 SUU
100 _aSutton , O G.
_919798
245 _aUnderstanding weather./
_cO.G. Sutton .
260 _aMaryland :
_bPenguin ,
_cC 1960
300 _a215p
650 0 _aweather
_919801
942 _2ddc
_cBK
_n0
999 _c111326
_d111326